[Event "39th Olympiad Women"]
[Site "Khanty-Mansiysk RUS"]
[Date "2010.09.25"]
[Round "5"]
[White "Sabirova, Olga"]
[Black "Berzina, Ilze"]
[Result "1/2-1/2"]
[WhiteTitle "WIM"]
[BlackTitle "WGM"]
[WhiteElo "2216"]
[BlackElo "2283"]
[Board "14.2"]
[WhiteTeam "UZB"]
[BlackTeam "LAT"]
[WhiteFideId "14200201"]
[BlackFideId "11601345"]
[EventDate "2010.09.21"]
[EventType "team"]

1. e4 e5 2. Nf3 Nc6 3. Bc4 Nf6 4. d3 Bc5 5. c3 d6 6. Nbd2 a6 7. Bb3 O-O 8. O-O
Ba7 9. h3 h6 10. Re1 Be6 11. Nf1 Re8 12. Ng3 d5 13. Qe2 Qd7 14. Nh4 Bxh3 15.
exd5 Na5 16. gxh3 Nxb3 17. axb3 Qxh3 18. Nhf5 Ng4 19. Be3 Qh2+ 1/2-1/2

[Event "39th Olympiad Women"]
[Site "Khanty-Mansiysk RUS"]
[Date "2010.09.25"]
[Round "5"]
[White "Skinke, Katrina"]
[Black "Nodirjanova, Nodira"]
[Result "0-1"]
[WhiteTitle "WIM"]
[WhiteElo "2217"]
[BlackElo "2136"]
[Board "14.3"]
[WhiteTeam "LAT"]
[BlackTeam "UZB"]
[WhiteFideId "11602260"]
[BlackFideId "14201232"]
[EventDate "2010.09.21"]
[EventType "team"]

1. e4 e6 2. d4 d5 3. Nc3 Nf6 4. Bg5 Bb4 5. e5 h6 6. Be3 Ne4 7. Qg4 Kf8 8. a3
Bxc3+ 9. bxc3 c5 10. Bd3 h5 11. Qf3 Nxc3 12. Nh3 Nc6 13. Ng5 Qe7 14. Bg6 f6 15.
Nh7+ Rxh7 16. Bxh7 cxd4 17. Bxd4 Nxd4 18. Qxc3 fxe5 19. Qd3 Qf6 20. c3 Nb3 21.
Rb1 Nc5 22. Qe3 b6 23. Bd3 Bb7 24. O-O Rc8 25. Be2 Na4 26. Rbc1 Kg8 27. Bb5 Nc5
28. f3 a6 29. Be2 Na4 30. Bd1 Rxc3 31. Rxc3 d4 32. Qd3 Nxc3 33. Bb3 b5 34. Re1
a5 35. Bc2 Qg5 36. Bb3 Bd5 37. Bxd5 exd5 38. g3 Qf6 39. Rf1 e4 40. fxe4 dxe4 41.
Qc2 Qe6 42. Qf2 e3 43. Qf8+ Kh7 44. Rf7 Qg6 45. Re7 e2 46. Kg2 d3 47. Re8 Qc6+
48. Kh3 Qd7+ 49. Kg2 Qd5+ 50. Kh3 d2 51. Re7 Qg5 0-1

[Event "39th Olympiad Women"]
[Site "Khanty-Mansiysk RUS"]
[Date "2010.09.25"]
[Round "5"]
[White "Kaya, Emel"]
[Black "Wilson, Alexandra"]
[Result "1/2-1/2"]
[BlackTitle "WFM"]
[WhiteElo "2070"]
[BlackElo "2047"]
[Board "15.3"]
[WhiteTeam "TUR"]
[BlackTeam "SUI"]
[WhiteFideId "6306411"]
[BlackFideId "411000"]
[EventDate "2010.09.21"]
[EventType "team"]

1. e4 e6 2. d4 d5 3. Nd2 dxe4 4. Nxe4 Bd7 5. Nf3 Bc6 6. Bd3 Nd7 7. Qe2 Ngf6 8.
O-O Nxe4 9. Bxe4 Bxe4 10. Qxe4 c6 11. Re1 Nf6 12. Qe2 Be7 13. Bf4 O-O 14. Rad1
Qb6 15. c3 Rad8 16. Ne5 Nd5 17. Bg3 a5 18. c4 Nf6 19. c5 Qa7 20. Rd3 Qa6 21. Qc2
Nd5 22. a3 Bf6 23. Qc4 Nc7 24. Qxa6 Nxa6 25. Red1 Bxe5 26. Bxe5 Rd5 27. Bd6 Rd8
28. Kf1 b5 29. Ke2 Rd7 30. b3 Nc7 31. Bxc7 Rxc7 32. Ke3 Rcd7 33. g3 f6 34. f4
Kf7 35. R1d2 h5 36. Rd1 Rd8 37. h4 R8d7 38. R1d2 Rd8 39. Rd1 Ke7 40. R3d2 Kf7
41. Rd3 1/2-1/2

[Event "39th Olympiad Women"]
[Site "Khanty-Mansiysk RUS"]
[Date "2010.09.25"]
[Round "5"]
[White "De Seroux, Camille"]
[Black "Sop, Selen"]
[Result "1-0"]
[WhiteElo "2020"]
[BlackElo "2021"]
[Board "15.4"]
[WhiteTeam "SUI"]
[BlackTeam "TUR"]
[WhiteFideId "1305620"]
[BlackFideId "6300278"]
[EventDate "2010.09.21"]
[EventType "team"]

1. e4 c5 2. Nf3 d6 3. d4 cxd4 4. Nxd4 Nf6 5. f3 e5 6. Nb3 d5 7. Bg5 Be6 8. exd5
Qxd5 9. N1d2 Be7 10. Bc4 Qc6 11. Qe2 O-O 12. O-O Nbd7 13. Kh1 a6 14. a4 Rac8 15.
Bd3 Bd6 16. Na5 Qc7 17. Nac4 h6 18. Bh4 Nh5 19. Nxd6 Qxd6 20. Ne4 Qc6 21. Bg3 f5
22. Nd2 Nxg3+ 23. hxg3 Rfe8 24. b3 Qc7 25. Rfe1 e4 26. fxe4 Qxg3 27. exf5 Bf7
28. Ne4 Qh4+ 29. Kg1 Ne5 30. Qf2 Qd8 31. Rad1 Qc7 32. Re2 Bh5 33. Nd6 Qxd6 34.
Bc4+ Nxc4 35. Rxe8+ Rxe8 36. Rxd6 Nxd6 37. f6 gxf6 38. Qg3+ Kf7 39. Qxd6 Be2 40.
Qd5+ Kg6 41. Qxb7 Re5 42. c4 a5 43. Qb6 Kg5 44. c5 Rf5 45. c6 Kg4 46. c7 Kg3 47.
Qe3+ Rf3 48. gxf3 1-0

[Event "39th Olympiad Women"]
[Site "Khanty-Mansiysk RUS"]
[Date "2010.09.25"]
[Round "5"]
[White "Geldyeva, Mekhri"]
[Black "Gansvind, Valeriya I."]
[Result "1/2-1/2"]
[WhiteTitle "WGM"]
[BlackTitle "WFM"]
[WhiteElo "2260"]
[BlackElo "2218"]
[Board "16.1"]
[WhiteTeam "TKM"]
[BlackTeam "EST"]
[WhiteFideId "14000059"]
[BlackFideId "4109821"]
[EventDate "2010.09.21"]
[EventType "team"]

1. Nf3 g6 2. d4 Bg7 3. e4 d6 4. h3 c6 5. Nc3 b5 6. a3 a6 7. Be3 Qc7 8. Qd2 Bb7
9. Be2 Nd7 10. O-O c5 11. Rfe1 h6 12. Nd5 Bxd5 13. exd5 c4 14. a4 Rb8 15. axb5
axb5 16. Nh2 Ngf6 17. Bf3 h5 18. Bg5 Nb6 19. Qa5 O-O 20. Nf1 Rfe8 21. Qxb5 Nbxd5
22. Qa5 Qxa5 23. Rxa5 e6 24. c3 Rec8 25. Bc1 Nc7 26. Bf4 Bf8 27. Ne3 d5 28. Rb1
Nfe8 29. Nd1 Bd6 30. Bc1 Ra8 31. Rba1 Rxa5 32. Rxa5 Ra8 33. Rxa8 Nxa8 34. Kf1
Nb6 35. Ke2 Nc7 36. g3 Kf8 37. Kd2 Na6 38. Kc2 Nb8 39. Ne3 Nc6 40. b3 cxb3+ 41.
Kxb3 Na5+ 42. Kc2 Nbc4 43. Nxc4 Nxc4 44. Kb3 Nb6 45. Bg5 Be7 46. Bf4 Nc8 47. Be2
Nd6 48. Bd3 g5 1/2-1/2

[Event "39th Olympiad Women"]
[Site "Khanty-Mansiysk RUS"]
[Date "2010.09.25"]
[Round "5"]
[White "Ovezova, Maisa"]
[Black "Vahtra, Tuuli"]
[Result "1-0"]
[WhiteTitle "WFM"]
[BlackTitle "WFM"]
[WhiteElo "2117"]
[BlackElo "1991"]
[Board "16.3"]
[WhiteTeam "TKM"]
[BlackTeam "EST"]
[WhiteFideId "14000393"]
[BlackFideId "4502060"]
[EventDate "2010.09.21"]
[EventType "team"]

1. d4 e6 2. Nf3 d5 3. e3 Bd6 4. Bd3 f5 5. c4 c6 6. Nc3 Qf6 7. b3 Nd7 8. Bb2 Ne7
9. Qc2 b6 10. cxd5 exd5 11. a3 a5 12. Ne2 b5 13. Ng3 O-O 14. Rc1 b4 15. a4 Ba6
16. Bxa6 Rxa6 17. Qe2 Ra7 18. O-O g6 19. Rfd1 h6 20. Ne1 g5 21. Nd3 f4 22. exf4
gxf4 23. Qg4+ Kh7 24. Nh5 Qg5 25. Qxg5 hxg5 26. g4 Rc7 27. f3 Nf6 28. Nxf6+ Rxf6
29. Re1 Ng6 30. Nc5 Bxc5 31. dxc5 Rff7 32. Rc2 Rfe7 33. Rce2 Red7 34. Bd4 Re7
35. Rxe7+ Nxe7 36. Bf6 Ng6 37. Bxg5 Rd7 38. h4 d4 39. h5 Nf8 40. Bxf4 d3 41. Bd6
d2 42. Rd1 Ne6 43. Kf2 Nd4 44. Rxd2 Nxb3 45. Rb2 Nd4 46. Ke3 Ne6 47. Ke4 Ng5+
48. Ke3 Nf7 49. Rd2 b3 50. Rb2 Nxd6 51. cxd6 Rxd6 52. Rxb3 Kh6 53. f4 Rd1 54.
Rc3 Re1+ 55. Kd4 Re6 56. Rc5 Rd6+ 57. Ke5 Rd8 58. Rxc6+ Kh7 59. Ra6 Re8+ 60. Kf5
Rf8+ 61. Kg5 Rg8+ 62. Kh4 Rd8 63. Rxa5 Rd4 64. f5 Rd6 65. Ra7+ Kh8 66. a5 Rd8
67. a6 Rf8 68. Rb7 Ra8 69. a7 1-0

[Event "39th Olympiad Women"]
[Site "Khanty-Mansiysk RUS"]
[Date "2010.09.25"]
[Round "5"]
[White "Narva, Triin"]
[Black "Atabayeva, Gozel"]
[Result "1-0"]
[BlackTitle "WFM"]
[WhiteElo "1929"]
[BlackElo "2116"]
[Board "16.4"]
[WhiteTeam "EST"]
[BlackTeam "TKM"]
[WhiteFideId "4502680"]
[BlackFideId "14001896"]
[EventDate "2010.09.21"]
[EventType "team"]

1. e4 g6 2. d4 Bg7 3. c4 b6 4. Nc3 Bb7 5. Nf3 e6 6. Bd3 Ne7 7. O-O d6 8. Be3 Nd7
9. Qd2 h6 10. b4 g5 11. d5 Ng6 12. Nd4 Bxd4 13. Bxd4 e5 14. Be3 O-O 15. g3 Nf6
16. Be2 Nh7 17. Bd3 Bc8 18. Qc2 Bh3 19. Rfe1 Nf6 20. c5 Ng4 21. Nd1 Qf6 22. Be2
Kh8 23. Bd2 Qg7 24. f3 Nf6 25. g4 Nf4 26. Nf2 h5 27. Bxf4 gxf4 28. Nxh3 hxg4 29.
fxg4 Nxg4 30. Bxg4 Qxg4+ 31. Qg2 Qh5 32. Kf2 Rg8 33. Qf3 Qh4+ 34. Ke2 f5 35. Nf2
fxe4 36. Nxe4 Rg6 37. Kd3 Rag8 38. Re2 dxc5 39. bxc5 Rg1 40. Rxg1 Rxg1 41. Nc3
Qh7+ 42. Kc4 Rg5 43. Ne4 Rg1 44. cxb6 axb6 45. Nf6 Rc1+ 46. Kb3 Rb1+ 47. Ka4 Qh6
48. Rxe5 Qxf6 49. Qh5+ Kg7 50. Rg5+ Kf8 51. Rf5 b5+ 1-0

[Event "39th Olympiad Women"]
[Site "Khanty-Mansiysk RUS"]
[Date "2010.09.25"]
[Round "5"]
[White "Golubenko, Valentina"]
[Black "Leite, Catarina"]
[Result "1-0"]
[WhiteTitle "WGM"]
[BlackTitle "WIM"]
[WhiteElo "2278"]
[BlackElo "2183"]
[Board "17.1"]
[WhiteTeam "CRO"]
[BlackTeam "POR"]
[WhiteFideId "4501993"]
[BlackFideId "1901222"]
[EventDate "2010.09.21"]
[EventType "team"]

1. d4 Nf6 2. Nf3 g6 3. g3 Bg7 4. Bg2 d6 5. c4 O-O 6. O-O Nc6 7. d5 Na5 8. Nfd2
b6 9. Na3 Nb7 10. Nb3 Bd7 11. Nd4 a5 12. Nab5 Nc5 13. Qc2 Qc8 14. Bd2 Ra6 15.
Rac1 e5 16. dxe6 fxe6 17. Nc6 Rf7 18. b3 e5 19. b4 Bf5 20. Qd1 axb4 21. Nxb4 Ra4
22. Nd5 Nxd5 23. Bxd5 Be6 24. Nc3 Ra6 25. Be3 Bxd5 26. cxd5 e4 27. Bxc5 Bxc3 28.
Be3 Be5 29. Qb3 Qh3 30. Qc4 Ra8 31. Rc2 Qf5 32. Rfc1 h5 33. h4 Qg4 34. Kg2 Kh7
35. Qb3 Ra7 36. Qb5 Qf5 37. Qc4 Ra3 38. Bd4 Rf3 39. exf3 Qxf3+ 40. Kh2 e3 41.
Bxe5 1-0

[Event "39th Olympiad Women"]
[Site "Khanty-Mansiysk RUS"]
[Date "2010.09.25"]
[Round "5"]
[White "Coimbra, Margarida"]
[Black "Medic, Mirjana"]
[Result "1/2-1/2"]
[WhiteTitle "WFM"]
[BlackTitle "WGM"]
[WhiteElo "2090"]
[BlackElo "2264"]
[Board "17.2"]
[WhiteTeam "POR"]
[BlackTeam "CRO"]
[WhiteFideId "1901192"]
[BlackFideId "14501619"]
[EventDate "2010.09.21"]
[EventType "team"]

1. e4 e6 2. d4 d5 3. Nd2 Nf6 4. e5 Nfd7 5. Bd3 c5 6. c3 Nc6 7. Ne2 cxd4 8. cxd4
Nb6 9. O-O Bd7 10. a3 a6 11. Nf3 h6 12. Nc3 Rc8 13. Re1 Na5 14. Bd2 Nbc4 15. Ra2
Be7 16. Nb1 Nxd2 17. Nbxd2 Qb6 18. b4 Nc4 19. Qe2 Nxd2 20. Qxd2 Ba4 21. Rc1
Rxc1+ 22. Qxc1 O-O 23. h3 Qc6 24. Qxc6 Bxc6 25. Rc2 Bd8 26. Rc3 Bb6 27. Bxa6 Rb8
28. Bd3 Ba4 29. Bc2 Bb5 30. Bd3 Ba4 31. Bc2 Bb5 32. Bd3 Ba4 1/2-1/2

[Event "39th Olympiad Women"]
[Site "Khanty-Mansiysk RUS"]
[Date "2010.09.25"]
[Round "5"]
[White "Ferreira, Ana Margarida"]
[Black "Solic, Kristina"]
[Result "0-1"]
[BlackTitle "WIM"]
[WhiteElo "1816"]
[BlackElo "2225"]
[Board "17.4"]
[WhiteTeam "POR"]
[BlackTeam "CRO"]
[WhiteFideId "1907000"]
[BlackFideId "14507323"]
[EventDate "2010.09.21"]
[EventType "team"]

1. e4 c5 2. Nf3 d6 3. d4 cxd4 4. Nxd4 Nf6 5. Nc3 Nc6 6. Bc4 Qb6 7. Nb3 e6 8. Be3
Qc7 9. f4 Be7 10. O-O O-O 11. Kh1 a6 12. Bd3 b5 13. a3 Bb7 14. Qf3 Rac8 15. Qh3
b4 16. Ne2 g6 17. f5 exf5 18. exf5 bxa3 19. bxa3 Ne5 20. Nbd4 Nfg4 21. Bd2 Qd8
22. Rab1 Rb8 23. Nf4 Qe8 24. Be2 Nf6 25. fxg6 hxg6 26. Nd3 Qd7 27. Nf5 gxf5 28.
Nxe5 dxe5 29. Rxf5 Qxd2 30. Qg3+ Kh8 31. Qh3+ Nh7 32. Rbf1 Qxe2 0-1

[Event "39th Olympiad Women"]
[Site "Khanty-Mansiysk RUS"]
[Date "2010.09.25"]
[Round "5"]
[White "Munguntuul, Batkhuyag"]
[Black "Igla, Bella"]
[Result "1/2-1/2"]
[WhiteTitle "IM"]
[BlackTitle "WGM"]
[WhiteElo "2412"]
[BlackElo "2271"]
[Board "18.1"]
[WhiteTeam "MGL"]
[BlackTeam "ISR"]
[WhiteFideId "4900758"]
[BlackFideId "2806819"]
[EventDate "2010.09.21"]
[EventType "team"]

1. e4 c5 2. Nf3 Nc6 3. d4 cxd4 4. Nxd4 g6 5. c4 Bg7 6. Be3 Nf6 7. Nc3 O-O 8. Be2
b6 9. O-O Bb7 10. f3 e6 11. Rc1 d5 12. cxd5 exd5 13. Nxc6 Bxc6 14. exd5 Nxd5 15.
Nxd5 Qxd5 16. Qxd5 Bxd5 17. b3 Rfe8 18. Kf2 Rac8 19. Bb5 Red8 20. Ba6 Rxc1 21.
Rxc1 Be5 22. Rd1 Bf6 23. Bf4 Be7 24. Bc7 Rd7 25. Bb8 Rd8 26. Bc7 Rd7 27. Bb8 Rd8
28. Bc7 Rd7 1/2-1/2

[Event "39th Olympiad Women"]
[Site "Khanty-Mansiysk RUS"]
[Date "2010.09.25"]
[Round "5"]
[White "Enkhtuul, Altanulzii"]
[Black "Vasiliev, Olga"]
[Result "0-1"]
[BlackTitle "WIM"]
[WhiteElo "2122"]
[BlackElo "2293"]
[Board "18.3"]
[WhiteTeam "MGL"]
[BlackTeam "ISR"]
[WhiteFideId "4901444"]
[BlackFideId "2807602"]
[EventDate "2010.09.21"]
[EventType "team"]

1. b4 e5 2. Bb2 Bxb4 3. Bxe5 Nf6 4. c4 O-O 5. Nf3 Nc6 6. Bb2 d5 7. a3 Ba5 8.
cxd5 Nxd5 9. e3 Bf5 10. Be2 Qe7 11. O-O Rad8 12. Qb3 Rd6 13. d4 Nf4 14. exf4
Qxe2 15. Nc3 Bxc3 16. Qxc3 Rd5 17. Rfe1 Qb5 18. h3 f6 19. g4 Bg6 20. f5 Bf7 21.
Rab1 h5 22. a4 Qxa4 23. Ra1 Qb4 24. Qxb4 Nxb4 25. Rxa7 Nd3 26. Rxb7 Nxe1 27.
Nxe1 c5 28. Nc2 cxd4 29. Nxd4 Re8 30. f3 Re1+ 31. Kf2 Rh1 32. Kg3 Rg1+ 33. Kh4
hxg4 34. fxg4 Rg2 35. Nf3 Rd8 36. Rb6 Bd5 37. Nd4 Kf7 38. Bc3 Rh8# 0-1

[Event "39th Olympiad Women"]
[Site "Khanty-Mansiysk RUS"]
[Date "2010.09.25"]
[Round "5"]
[White "Efroimski, Marsel"]
[Black "Ankhchimeg, Bayanmunh"]
[Result "1-0"]
[WhiteTitle "WFM"]
[BlackTitle "WIM"]
[WhiteElo "2244"]
[BlackElo "2153"]
[Board "18.4"]
[WhiteTeam "ISR"]
[BlackTeam "MGL"]
[WhiteFideId "2810964"]
[BlackFideId "4900600"]
[EventDate "2010.09.21"]
[EventType "team"]

1. e4 c5 2. Nf3 e6 3. d4 cxd4 4. Nxd4 a6 5. Bd3 Qc7 6. Be3 Nf6 7. Nc3 Bb4 8. O-O
O-O 9. Kh1 d6 10. f4 b5 11. e5 dxe5 12. fxe5 Qxe5 13. Bf4 Qc5 14. Ne4 Qxd4 15.
c3 Qd5 16. Nxf6+ gxf6 17. Qg4+ Kh8 18. Qh4 1-0

[Event "39th Olympiad Women"]
[Site "Khanty-Mansiysk RUS"]
[Date "2010.09.25"]
[Round "5"]
[White "Vega Gutierrez, Sabrina"]
[Black "Tjolsen, Katrine"]
[Result "1-0"]
[WhiteTitle "WGM"]
[BlackTitle "WIM"]
[WhiteElo "2368"]
[BlackElo "2259"]
[Board "19.1"]
[WhiteTeam "ESP"]
[BlackTeam "NOR"]
[WhiteFideId "2219026"]
[BlackFideId "1505793"]
[EventDate "2010.09.21"]
[EventType "team"]

1. e4 c6 2. d4 d5 3. f3 dxe4 4. fxe4 e5 5. Nf3 Bg4 6. Bc4 Nd7 7. c3 Ngf6 8. Qb3
Bh5 9. Ng5 Qe7 10. Qxb7 Rb8 11. Qxc6 exd4 12. cxd4 Qb4+ 13. Nc3 h6 14. Nf3 Bc5
15. Qa6 Bxf3 16. a3 Qb6 17. dxc5 Qxa6 18. Bxa6 Bxg2 19. Rg1 Bxe4 20. Nxe4 Nxe4
21. c6 Ndc5 22. c7 Nxa6 23. cxb8=Q+ Nxb8 24. Rxg7 Nc6 25. Be3 Ke7 26. O-O-O h5
27. Rg2 Ke6 28. Rc2 Ne5 29. Bxa7 f5 30. Bd4 Rf8 31. Bxe5 Kxe5 32. Rc4 h4 33. a4
Ra8 34. Rd7 Kf4 35. Rd5 Rg8 36. a5 Ke3 37. Rd1 Re8 38. a6 Ke2 39. Rc2+ Ke3 40.
b4 f4 41. Re1+ Kd3 42. Rd2+ Kc3 43. Rde2 Re6 44. Rxe4 Rxa6 45. Kb1 1-0

[Event "39th Olympiad Women"]
[Site "Khanty-Mansiysk RUS"]
[Date "2010.09.25"]
[Round "5"]
[White "Bjerke, Silje"]
[Black "Calzetta Ruiz, Monica"]
[Result "0-1"]
[WhiteTitle "WIM"]
[BlackTitle "WGM"]
[WhiteElo "2205"]
[BlackElo "2280"]
[Board "19.2"]
[WhiteTeam "NOR"]
[BlackTeam "ESP"]
[WhiteFideId "1502786"]
[BlackFideId "2204185"]
[EventDate "2010.09.21"]
[EventType "team"]

1. e4 c5 2. Nf3 Nc6 3. d4 cxd4 4. Nxd4 g6 5. Nc3 Bg7 6. Be3 Nf6 7. Bc4 O-O 8.
Bb3 d6 9. h3 Na5 10. O-O b6 11. Re1 Bb7 12. Bg5 Nxb3 13. axb3 Re8 14. Qd2 a6 15.
Rad1 Rc8 16. Nf3 Qc7 17. Re2 b5 18. Qe1 h6 19. Bh4 Nh5 20. Nd5 Bxd5 21. exd5 g5
22. Bg3 Bxb2 23. Bh2 Bc3 24. Qf1 Qc5 25. Rd3 a5 26. Qd1 a4 27. bxa4 bxa4 28. Re4
a3 29. Nd4 Nf6 30. Nb3 Nxe4 31. Nxc5 Rxc5 32. Qe2 a2 33. Rd1 Rb8 34. Qf1 Nd2 35.
Qa6 Rb1 0-1

[Event "39th Olympiad Women"]
[Site "Khanty-Mansiysk RUS"]
[Date "2010.09.25"]
[Round "5"]
[White "Vega Gutierrez, Belinda"]
[Black "Sahl, Sheila Barth"]
[Result "1-0"]
[WhiteTitle "WFM"]
[BlackTitle "WIM"]
[WhiteElo "2233"]
[BlackElo "2175"]
[Board "19.3"]
[WhiteTeam "ESP"]
[BlackTeam "NOR"]
[WhiteFideId "2229994"]
[BlackFideId "1500953"]
[EventDate "2010.09.21"]
[EventType "team"]

1. e4 c5 2. Nf3 d6 3. d4 cxd4 4. Nxd4 Nf6 5. Nc3 a6 6. Be2 e5 7. Nb3 Be7 8. O-O
O-O 9. a4 Be6 10. Bf3 Nbd7 11. Re1 Rc8 12. a5 h6 13. g3 Nc5 14. Nd2 b5 15. axb6
Qxb6 16. Nf1 Qb7 17. Rb1 Rfd8 18. b4 Ncd7 19. Nd5 Nxd5 20. exd5 Bf5 21. Ne3 Bh7
22. Bg4 Bg5 23. Bf5 Bxe3 24. Bxh7+ Kxh7 25. Qd3+ Kg8 26. Bxe3 Qb5 27. Rec1 Rc4
28. Ra1 Nf6 29. Ra5 e4 30. Qe2 Qxb4 31. Bd2 Rc3 32. Bxc3 Qxc3 33. Rxa6 Re8 34.
Rca1 Re5 35. R1a3 Qb2 36. R6a5 Nxd5 37. Qd2 e3 38. fxe3 Qb1+ 39. Kg2 Rf5 40. Ra1
Qb7 41. e4 Ne7 42. Rxf5 Nxf5 43. Qd3 Ne7 44. Ra3 d5 45. exd5 Nxd5 46. Qf3 Qc6
47. c4 Qb7 48. cxd5 Qb2+ 49. Kh3 1-0

[Event "39th Olympiad Women"]
[Site "Khanty-Mansiysk RUS"]
[Date "2010.09.25"]
[Round "5"]
[White "Khachatourian, Yerazik"]
[Black "Aranaz Murillo, Amalia"]
[Result "0-1"]
[BlackTitle "WFM"]
[WhiteElo "2025"]
[BlackElo "2154"]
[Board "19.4"]
[WhiteTeam "NOR"]
[BlackTeam "ESP"]
[WhiteFideId "12501948"]
[BlackFideId "22200371"]
[EventDate "2010.09.21"]
[EventType "team"]

1. e4 c6 2. d4 d5 3. Nd2 dxe4 4. Nxe4 Bf5 5. Ng3 Bg6 6. h4 h6 7. Nf3 Nd7 8. h5
Bh7 9. Bd3 Bxd3 10. Qxd3 e6 11. Bf4 Qa5+ 12. Bd2 Bb4 13. c3 Be7 14. c4 Qc7 15.
O-O-O Ngf6 16. Kb1 O-O 17. Qe2 a5 18. Bc1 a4 19. Nf1 b5 20. c5 a3 21. g4 axb2
22. Qxb2 b4 23. g5 Nd5 24. Rd3 Nc3+ 25. Rxc3 bxc3 26. Qxc3 Rfb8+ 27. Bb2 Qa7 28.
d5 Qxa2+ 29. Kc1 Rxb2 30. Qxb2 Qc4+ 31. Kd1 Ra2 32. N1d2 Qxd5 33. Qc3 Rxd2+ 34.
Qxd2 Qxf3+ 35. Kc2 Qxh1 36. Qxd7 Qe4+ 37. Kb2 Qe5+ 38. Kb1 Qe1+ 39. Kb2 Qxf2+
40. Kb3 Qf3+ 41. Kb4 Bxc5+ 0-1

[Event "39th Olympiad Women"]
[Site "Khanty-Mansiysk RUS"]
[Date "2010.09.25"]
[Round "5"]
[White "Amura, Claudia"]
[Black "Cua, Shercila"]
[Result "1/2-1/2"]
[WhiteTitle "WGM"]
[BlackTitle "WFM"]
[WhiteElo "2329"]
[BlackElo "2099"]
[Board "20.2"]
[WhiteTeam "ARG"]
[BlackTeam "PHI"]
[WhiteFideId "100536"]
[BlackFideId "5202620"]
[EventDate "2010.09.21"]
[EventType "team"]

1. c4 Nf6 2. g3 c6 3. Bg2 d5 4. Nf3 Bf5 5. O-O e6 6. b3 Be7 7. Bb2 O-O 8. d3
Nbd7 9. Nbd2 Re8 10. h3 h6 11. Re1 Bh7 12. a3 a5 13. Ne5 Nxe5 14. Bxe5 Nd7 15.
Bb2 Bf6 16. d4 Nc5 17. b4 axb4 18. axb4 Rxa1 19. Qxa1 Na6 20. Bc3 Be7 21. Qb2
Qd7 22. e4 Nc7 23. Bf1 Bf8 24. b5 cxb5 25. exd5 exd5 26. Rxe8 Qxe8 27. c5 Bf5
28. Ba5 Qc6 29. Bxc7 Qxc7 30. Qxb5 Be7 31. Bg2 Qc6 32. Qb3 Be6 33. f4 Bf6 34.
Nf3 h5 35. h4 g6 36. Ne5 Bxe5 37. fxe5 Kg7 38. Bf1 Qc7 39. Qb4 Bd7 40. Kh2 Qc6
41. Bg2 Be6 42. Qa5 Kg8 43. Bf1 Bd7 44. Qd8+ Kg7 45. Bh3 Bxh3 46. Kxh3 Qe6+ 47.
Kg2 Qc6 48. Qd6 Qa4 49. Qxd5 Qc2+ 50. Kh1 Qd3 51. Kh2 Qd2+ 52. Kh3 Qe2 53. Qxb7
Qg4+ 54. Kg2 Qxd4 55. e6 Qxc5 56. Qxf7+ Kh6 57. e7 Qc2+ 58. Kh3 Qc8+ 59. Kh2
Qc2+ 60. Kg1 Qc1+ 61. Kg2 Qc2+ 62. Kf1 Qd1+ 63. Kf2 Qd2+ 64. Kf3 Qd3+ 65. Kg2
Qc2+ 66. Kh3 Qc8+ 1/2-1/2

[Event "39th Olympiad Women"]
[Site "Khanty-Mansiysk RUS"]
[Date "2010.09.25"]
[Round "5"]
[White "Jose, Rulp Ylem"]
[Black "Zuriel, Marisa"]
[Result "1/2-1/2"]
[BlackTitle "WIM"]
[WhiteElo "2039"]
[BlackElo "2193"]
[Board "20.3"]
[WhiteTeam "PHI"]
[BlackTeam "ARG"]
[WhiteFideId "5205026"]
[BlackFideId "109142"]
[EventDate "2010.09.21"]
[EventType "team"]

1. d4 Nf6 2. Nf3 g6 3. c4 Bg7 4. Nc3 O-O 5. e4 d6 6. h3 Na6 7. Bg5 Qe8 8. Be2 e5
9. d5 Nc5 10. Nd2 a5 11. g4 h6 12. Be3 Nh7 13. Rg1 Qe7 14. Qc2 Kh8 15. O-O-O f5
16. gxf5 gxf5 17. Rg2 f4 18. Bxc5 dxc5 19. Rdg1 Rg8 20. Qd3 Bd7 21. Bg4 Bxg4 22.
Rxg4 Bf6 23. Nb5 Qd7 24. Qf1 Rxg4 25. Rxg4 Rg8 26. Qg2 Rg7 27. Nf3 Ng5 28. Nxg5
Bxg5 29. f3 Qe7 30. h4 Bxh4 31. Rxg7 Qxg7 32. Qxg7+ Kxg7 33. Nxc7 Kf7 34. Kd2
Bd8 35. Ne6 Be7 36. Ke2 Kg6 37. Kf2 Bh4+ 38. Kg2 Be7 39. Kh3 b6 40. Nc7 h5 41.
Nb5 Kf7 42. Na7 Ke8 43. Nc8 Bd8 44. Nd6+ Kf8 45. Nb7 Bf6 46. Nd6 Bd8 47. Nf5 Kf7
48. Nh4 Be7 49. Ng2 Bf6 50. Ne1 Ke7 51. Kg2 Kd6 52. Nd3 Bg7 53. Kf2 Bf6 54. Ke2
Bh4 55. Nf2 Bf6 56. Kd3 Bh4 57. Nh3 Be7 58. Kc3 Kc7 59. a3 Kd7 60. Nf2 Bh4 61.
Nd3 Kd6 62. Kd2 Bf6 63. Nf2 Bh4 64. Nd1 Bf6 65. Nc3 Bh4 66. Nb5+ Kd7 67. Na7 Be7
68. Nc6 Bf6 69. Na7 Be7 70. Ke2 Bh4 71. Nb5 Bf6 72. Kf2 Bh4+ 73. Kg2 Bf6 74. Nc3
Kd6 75. Kh3 Bd8 76. Ne2 Be7 77. Nc1 Bd8 78. Nd3 Bf6 79. Ne1 Bd8 80. Ng2 Be7 81.
Nh4 Bf6 82. Ng6 Kd7 83. Nf8+ Kd6 84. Ng6 Kd7 85. Nh4 Kd6 86. Nf5+ Kd7 87. Nh6
Kd6 1/2-1/2

[Event "39th Olympiad Women"]
[Site "Khanty-Mansiysk RUS"]
[Date "2010.09.25"]
[Round "5"]
[White "Fernandez, Maria Florencia"]
[Black "Docena, Jedara"]
[Result "1-0"]
[WhiteElo "2119"]
[BlackElo "2033"]
[Board "20.4"]
[WhiteTeam "ARG"]
[BlackTeam "PHI"]
[WhiteFideId "116459"]
[BlackFideId "5202361"]
[EventDate "2010.09.21"]
[EventType "team"]

1. d4 d5 2. c4 c6 3. Nf3 Nf6 4. Nc3 dxc4 5. e4 b5 6. e5 Nd5 7. a4 e6 8. axb5
Nxc3 9. bxc3 cxb5 10. Ng5 Bb7 11. Qh5 g6 12. Qg4 Be7 13. h4 h6 14. Ne4 h5 15.
Qf4 Qd5 16. f3 Nc6 17. Be3 a5 18. Be2 Qd8 19. Qg3 Nb8 20. Bg5 Bxe4 21. Bxe7 Qxe7
22. fxe4 Nd7 23. O-O a4 24. Rfb1 Rb8 25. Rb4 O-O 26. Bxh5 Kh7 27. Be2 Rb6 28.
Qh3 Nb8 29. Bxc4 Qb7 30. Rab1 a3 31. h5 g5 32. Qf3 Qa7 33. Ba2 Nc6 34. Rxb5 Rxb5
35. Rxb5 Qa4 36. Rb7 Nd8 37. Rb3 Rg8 38. Qd3 Qa8 39. d5 Kh6 40. Qd4 Kxh5 41. c4
Qa5 42. Rh3+ Kg6 43. Qf2 Kg7 44. c5 Qc7 45. Qf6+ Kf8 46. c6 g4 47. Rh8 Qb6+ 48.
Kh2 g3+ 49. Kh3 Nxc6 50. Qh6+ 1-0